000 02690cgm a2200601 a 4500
003 CGarP
005 20241220114221.0
006 g--- vl
007 gz cu u
007 vd|mbaizs
008 980907s1998 caunnn g zleng d
020 _a0783225857
024 1 _a025192025228
028 4 2 _a20252
028 4 2 _bUniversal Home Video
035 _a(Sirsi) i9780783225852
040 _cXX-XxUND
041 0 _aengfrespa
_bspa
049 _aUUP4
099 _aDVD 791.43 T627
092 _a791.437
245 0 0 _aTo kill a mockingbird /
_cPakula-Mulligan Productions, Inc. and Brentwood Productions, Inc ; produced by Alan Pakula ; directed by Robert Mulligan ; screenplay by Horton Foote.
250 _aWidescreen ed.
250 _aCollector's ed.
260 _aUniversal City, CA :
_bUniversal Home Video,
_cc1998.
300 _a1 videodisc (130 min.) :
_bsd., b&w with col. segments ;
_c4 3/4 in. +
_e1 booklet.
500 _aBased on the novel by Harper Lee.
500 _aOriginally released as a motion picture in 1962.
501 _aWith: Commentary by the director and producer, "Fearful Symmetry" an original documentary, historic stills of the town of Monroeville, original location footage of the town, interviews with local residents, production photographs, theatrical trailer, cast bios, chapter index.
508 _aDirector of photography, Russell Harlan ; music, Elmer Bernstein.
511 1 _aGregory Peck, Brock Peters, Mary Badham, Philip Afford, Robert Duvall, John Megna.
520 _aWhen a Southern white woman accuses a black man of rape, the outcome of the trial is a foregone conclusion and no lawyer except Peck will defend him. Peck's defense costs him friendships but earns him the respect of his two children. Includes extra interview footage.
521 8 _aNot rated.
538 _aDigital video disc. Hi-fi stereo, Dolby.
540 _aFor private home use only.
546 _aIn English with French and Spanish tracks and Spanish subtitles.
586 _aAcademy Awards: Best Script, Best Actor
650 0 _aAfrican Americans
_xCrimes against
_vDrama.
_96386410
650 0 _aTrials (Rape)
_vDrama.
_96504686
655 0 _aFeature films.
_96152898
650 0 _aClosed captioned.
_95676203
650 0 _aFilm adaptations.
_96152899
700 1 _aMulligan, Robert,
_d1925-
_927557
700 1 _aPeck, Gregory,
_d1916-2003.
_913035
700 1 _aPeters, Brock.
_931730
700 1 _aBadham, Mary,
_d1952-
_927545
700 1 _aLee, Harper.
_96152900
710 2 _aUniversal Studios Home Video (Firm)
_965216
752 _ajd-c 12/01.
942 _cDVD
_0544
979 _a440566
998 _aa71751
999 _c33233
_d33233